市町村人口ランキング(道北) - Statistics

General Stats
  • This quiz has been taken 37 times
  • The average score is 29 of 59
Answer Stats
Hint 市町村 人口 % Correct
上川 旭川市 320,436
100%
オホーツク 北見市 111,740
100%
オホーツク 網走市 32,846
100%
宗谷 稚内市 30,946
100%
オホーツク 紋別市 20,260
87%
留萌 留萌市 18,695
87%
上川 名寄市 25,376
83%
斜里郡 斜里町 10,694
77%
上川 富良野市 19,949
70%
紋別郡 遠軽町 18,068
70%
上川 士別市 16,869
67%
網走郡 美幌町 17,813
63%
枝幸郡 枝幸町 7,300
53%
利尻郡 利尻町 1,865
53%
上川郡 東神楽町 9,862
50%
礼文郡 礼文町 2,253
50%
利尻郡 利尻富士町 2,194
50%
中川郡 音威子府村 636
50%
空知郡 上富良野町 10,004
47%
苫前郡 初山別村 1,046
47%
斜里郡 小清水町 4,415
43%
枝幸郡 浜頓別町 3,299
43%
苫前郡 苫前町 2,747
43%
天塩郡 天塩町 2,732
43%
宗谷郡 猿払村 2,648
43%
枝幸郡 中頓別町 1,504
43%
上川郡 美瑛町 9,432
40%
上川郡 東川町 8,576
40%
紋別郡 湧別町 7,983
40%
網走郡 大空町 6,626
40%
常呂郡 佐呂間町 4,688
40%
増毛郡 増毛町 3,725
40%
天塩郡 豊富町 3,583
40%
上川郡 上川町 3,150
40%
上川郡 和寒町 2,903
40%
留萌郡 小平町 2,781
40%
常呂郡 置戸町 2,608
40%
天塩郡 幌延町 2,102
40%
中川郡 中川町 1,304
40%
雨竜郡 幌加内町 1,261
40%
紋別郡 西興部村 981
40%
上川郡 当麻町 6,136
37%
苫前郡 羽幌町 6,135
37%
空知郡 中富良野町 4,579
37%
常呂郡 訓子府町 4,533
37%
紋別郡 雄武町 4,093
37%
斜里郡 清里町 3,715
37%
紋別郡 興部町 3,564
37%
上川郡 比布町 3,471
37%
上川郡 下川町 2,935
37%
上川郡 剣淵町 2,811
37%
上川郡 愛別町 2,480
37%
天塩郡 遠別町 2,335
37%
紋別郡 滝上町 2,293
37%
空知郡 南富良野町 2,288
37%
勇払郡 占冠村 1,591
37%
上川郡 鷹栖町 6,585
33%
中川郡 美深町 3,789
33%
網走郡 津別町 4,100
30%
No matching quizzes found
Score Distribution
Percent of People with Each Score
Percentile by Number Answered
Your Score History
You have not taken this quiz